000
00321nam a22001337a 4500
003
OSt
005
20251009120845.0
008
251009b |||||||| |||| 00| 0 eng d
040
_c
IIMT UNIVERSITY
100
_a
GRAHAM, WINSTON
245
_a
FORTUNE IS A WOMAN
260
_a
DELHI
_b
COLLINS FONTANA
_c
1972
942
_2
ddc
_c
01
999
_c
66548
_d
66548